000 00727nam a2200241Ia 4500
003 OSt
005 20220925174252.0
006 a|||||r|||| 00| 0
007 ta
008 220923b |||||||| |||| 00| 0 eng d
037 _cGeneral Book
040 _aRTL
_cRTL
_beng
041 _2eng
_aeng
082 _aV275,94.M52<--L96, K2
100 _aBarat Amiya
_9246419
245 0 _aBengal native infantry
_b Its organisation and disc
260 _aCalcutta
_bK L Mukhopadhyay
_c1962
300 _a341p
_ccm.
500 _aBibliography: P 315-32; Appendix: P 307-13
650 _aHistory of West Bengal
942 _hV275,94.M52<--L96, K2
_cGB
_2CC
999 _c490454
_d490454